| 000 | 00769nam a22001817a 4500 | ||
|---|---|---|---|
| 999 |
_c59161 _d59161 |
||
| 003 | Ge_BSU | ||
| 005 | 20221201133945.0 | ||
| 008 | 221201s1977ge xxu||||| |||| 00| 0 geo d | ||
| 041 | _ageo | ||
| 080 | _a821.353.1.95 ა-53 | ||
| 100 |
_aალფენიძე, ვ. _916280 |
||
| 245 |
_aმთვარის ღვთაების დღე : _bკრებული / _cვ. ალფენიძე, რედ. ლამარა თურმანიძე |
||
| 264 |
_aთბილისი : _bმერანი, _c1977. |
||
| 300 |
_a422 გვ.: _b20 სმ. |
||
| 651 |
_zმთვარის ღვთაების დღე. _916281 |
||
| 700 |
_aთურმანიძე, ლამარა _eრედაქტორი _96350 |
||
| 942 |
_2udc _cBK |
||